Open Data Biblioteca Nacional de Portugal


República Portuguesa: Ministério da Cultura
Biblioteca Nacional de Portugal

Catálogo da BNP: acesso por Identificadores Unívocos
Registos Bibliográficos associados ao registo de autoridade

Etiqueta de registo: 00982cas 02200325 04500
001 949506
003 http://id.bnportugal.gov.pt/bib/catbnp/949506
005 19990617000000.0
095 ## $aPTBN00963842
100 ## $a19980310a1996 em y0pory0103 ba
101 0# $apor
102 ## $aPT
106 ## $ar
110 ## $aauuzz..0yy0
200 1# $aInforesas$fEscola Secundária Alfredo Silva - Barreiro
210 #9 $aBarreiro$cE.S.A.S.,$d[1996]-
215 ## $d30 cm
303 ## $aDescrição baseada em: n. 2 (Abr. 1997)
620 ## $dBarreiro
675 ## $a373.5(469.412)(05)$vBN$zpor$3389017
712 02 $aEscola Secundária Alfredo da Silva$c(Barreiro)$4650$3278720
801 #0 $aPT$bBN$gRPC
930 ## $lBN$mBG$dP.P. 23888 V.$jN. 2 (Abr. 1997)-
930 ## $lBPMP$dP-B-10152
930 ## $lBPMP$dP-B-10154
930 ## $lUCBG$d10-29 B-1436$jN. 2 (Abr. 1997)-
966 ## $c2$lBN$mFGREV$sP.P. 23888 V.$x1

Etiqueta de registo: 00000nkm 2200025 450
001 2273147
003 http://id.bnportugal.gov.pt/bib/catbnp/2273147
100 ## $a20260227d1981 m y0pory01030103ba
101 0# $apor
102 ## $aPT
200 1# $aSemana de tecnologia, qualidade de vida e desenvolvimento, [Barreiro], 11 a 15 de maio$bVisual gráfico]$fEscola Secundária Alfredo da Silva$gLuísa Maria Rodrigues
210 #9 $a[Barreiro]$cEscola Secundária Alfredo da Silva,$d1981$eOeiras :$gGráfica 2000)
215 ## $a1 cartaz$ccolor.$d50x36,3 cm
317 ## $aColeção Madeira Luís
702 #1 $aRodrigues,$bLuísa Maria,$caluna da Escola Secundária Alfredo da Silva,$d8.o ano$f1981$4440$31987934
710 02 $aEscola Secundária Alfredo da Silva$c(Barreiro)$3278720
711 01 $aBarreiro.$bCâmara Municipal$33024
801 #0 $aPT$bBN$gRPC
966 ## $lBN$mICONOG$sCT. 22719 A.$x3
971 ## $cCatmusica8$d20260227
995 ## $aPRR2026

OpendataBNP@bnportugal.pt | Mais informação sobre acesso aos dados BNP